000 00771nam a2200241 a 4500
003 DO-SdBNP
005 20250115124320.0
007 ta
008 220520e2013 dr ||||gr|||| 001 pdspa d
020 _a9789945475760
040 _aDO-SdBNP
_bspa
_cBNPHU
082 4 _222
_bR466u
245 1 0 _aEl Último refugio
_cLeyddy Dhiana Reynoso Caraballo
260 _aSanto Domingo :
_bRumbo Este,
_c2013
300 _a60 p. ;
_c23 cm.
500 _a Incluye datos biográficos de la autora en la solapa de la cubierta.
590 _aInventariado 2022 / MF
650 4 _aLiteratura
_zRepública Dominicana
_980984
650 4 _981340
_aLiteratura dominicana
_vPoesía
710 1 _aRepública Dominicana.
_bMinisterio de Cultura
_971794
910 _aMFeliz
942 _2ddc
_cLBS1
999 _c51770
_d51770